ចេម និងផ្លែប៉េសយក្ស / (Record no. 1618)

MARC details
000 -LEADER
fixed length control field 02049nam a22003137a 4500
001 - CONTROL NUMBER
control field 1618
003 - CONTROL NUMBER IDENTIFIER
control field FISKH
005 - DATE AND TIME OF LATEST TRANSACTION
control field 20230911141930.0
008 - FIXED-LENGTH DATA ELEMENTS--GENERAL INFORMATION
fixed length control field 230911b cb ||||| |||| 00| 0 khr d
020 ## - INTERNATIONAL STANDARD BOOK NUMBER
International Standard Book Number 9789996305030
040 ## - CATALOGING SOURCE
Original cataloging agency FISKH
Language of cataloging eng
Transcribing agency FISKH
Modifying agency FISKH
082 ## - DEWEY DECIMAL CLASSIFICATION NUMBER
Classification number 634
100 ## - MAIN ENTRY--PERSONAL NAME
Personal name Dahl, Roald
245 ## - TITLE STATEMENT
Title ចេម និងផ្លែប៉េសយក្ស /
Statement of responsibility, etc. រូបគំនូរដោយ​ ឃ្វីនធីន ប្លេក - បកប្រែពីភាសាអង់គ្លេសដោយ ហ៊ត ណាវី
250 ## - EDITION STATEMENT
Edition statement បោះពុម្ពលើកទី ៥ ខែតុលា ឆ្នាំ ២០២២
260 ## - PUBLICATION, DISTRIBUTION, ETC.
Place of publication, distribution, etc. Phnom Penh :
Name of publisher, distributor, etc. Sipar,
Date of publication, distribution, etc. 2022.
300 ## - PHYSICAL DESCRIPTION
Extent 160 pages :
Other physical details illustrations ;
Dimensions 19 cm
490 ## - SERIES STATEMENT
Series statement អក្សសិល្ប៍យុវវ័យ
505 ## - FORMATTED CONTENTS NOTE
Formatted contents note Z'<br/>
520 ## - SUMMARY, ETC.
Summary, etc. ចេម និងផ្លែប៉េសយក្ស គឺជារឿងរបស់ក្មេងប្រុសម្នាក់ដែលរត់គេចពីផ្ទះដ៏ឃោរឃៅមួយនៅក្នុង វេទមន្តរបស់ផ្លែប៉េស។ នៅតាមផ្លូវ គាត់បង្កើតមិត្តថ្មី ហើយរកឃើញភាពរីករាយនៃសេរីភាព និងមិត្តភាព ដែលពីមុនជាគំនិតរបស់មនុស្សក្រៅសម្រាប់គាត់។
520 ## - SUMMARY, ETC.
Summary, etc. James and the Giant Peach is the story of a young boy who escapes an abusive home in a magical peach. Along the way, he makes new friends, and discovers the joys of freedom and friendship, which had previously been alien ideas to him.
521 8# - TARGET AUDIENCE NOTE
Target audience note 920<br/>
Source Lexile estimate<br/>
521 8# - TARGET AUDIENCE NOTE
Target audience note Z'<br/>
Source Raz-Plus<br/>
650 ## - SUBJECT ADDED ENTRY--TOPICAL TERM
Topical term or geographic name entry element ផ្លែប៉េស
Form subdivision វេទមន្ត
General subdivision មិត្តភាព
650 ## - SUBJECT ADDED ENTRY--TOPICAL TERM
Topical term or geographic name entry element Peach
Form subdivision Magic
General subdivision Friendship
700 ## - ADDED ENTRY--PERSONAL NAME
Personal name Navy, Hort
Relator term Translator
700 ## - ADDED ENTRY--PERSONAL NAME
Personal name Blake, Quentin
Relator term illustrator
942 ## - ADDED ENTRY ELEMENTS (KOHA)
Source of classification or shelving scheme Dewey Decimal Classification
Koha item type Khmer Books
Suppress in OPAC No
Holdings
Withdrawn status Lost status Source of classification or shelving scheme Damaged status Not for loan Collection Home library Current library Shelving location Date acquired Total Checkouts Full call number Barcode Date due Date last seen Date last checked out Copy number Price effective from Koha item type
    Dewey Decimal Classification     Khmer Language Books / សៀវភៅភាសាខ្មែរ Footprints International School Library Network Toul Kork Campus Footprints International School Library Network Toul Kork Campus TK Campus, Room B402, Khmer Book Case 16, Shelves 112-123 / ទូរសៀវភៅខ្មែរលេខ ១៦​ ធ្នើរ ១១២ ដល់ ១២៣ បន្ទប់ B402 សាខាទួលគោក 09/11/2023 1 DAH 634 2023-0564 04/15/2026 04/01/2026 04/01/2026 1 09/11/2023 Khmer Books
    Dewey Decimal Classification     Khmer Language Books / សៀវភៅភាសាខ្មែរ Footprints International School Library Network Toul Kork Campus Footprints International School Library Network Toul Kork Campus TK Campus, Room B402, Khmer Book Case 16, Shelves 112-123 / ទូរសៀវភៅខ្មែរលេខ ១៦​ ធ្នើរ ១១២ ដល់ ១២៣ បន្ទប់ B402 សាខាទួលគោក 09/11/2023   DAH 634 2023-0565   09/11/2023   2 09/11/2023 Khmer Books